| 000 | 00580nam a2200217Ia 4500 | ||
|---|---|---|---|
| 003 | GCL | ||
| 008 | 140319s9999 xx 000 0 eng d | ||
| 040 |
_aGCL / _cGCL |
||
| 082 | 0 | 4 |
_a747.8 _bR T |
| 100 | 1 | _aRAYMOND, SANTA | |
| 245 | 1 | 0 |
_aTOMORROW'S OFFICE: CREATING EFFECTIVE AND HUMANE INTERIORS / _cRAYMOND, SANTA |
| 700 | 1 | _aCUNLIFFE, ROGER | |
| 260 |
_a[S.N] : _bE & FN SPON ، _c1997 |
||
| 300 | _a200 P | ||
| 650 | 0 | 4 | _aINTERIOR DECORATION |
| 650 | 0 | 4 | _aARTS |
| 650 | 0 | 4 | _aOFFICE DESIGN |
| 650 | 0 | 4 | _aOFFICE ROOMS |
| 650 | 0 | 4 | _aOFFICE DECORATION |
| 942 |
_2ddc _cBK |
||
| 999 |
_c15669 _d15669 |
||